00414nam a22001457a 450000500170000000800410001702200130005804100130007108200130008410000130009724500590011026000470016930000260021665000260024220240319073612.0240319b |||||||| |||| 00| 0 eng d a0258249X aEnglish  a349 IND  lEnglish  aIndustrial Law Journal : cedited by M Brassey et al.  aCape Town : bJuta and Company Ltd, c1987 b182 pages ; c25 cm.  aLegal practice bLaw